The psychology of learning and instruction : (Record no. 127593)
[ view plain ]
| 000 -LEADER | |
|---|---|
| fixed length control field | 00848nam a22002537a 4500 |
| 005 - DATE AND TIME OF LATEST TRANSACTION | |
| control field | 20170124110027.0 |
| 010 ## - LIBRARY OF CONGRESS CONTROL NUMBER | |
| LC control number | 915732 |
| 020 ## - INTERNATIONAL STANDARD BOOK NUMBER | |
| Terms of availability | 32.00 |
| 035 ## - SYSTEM CONTROL NUMBER | |
| System control number | 915732 |
| 037 ## - SOURCE OF ACQUISITION | |
| Source of stock number/acquisition | Cen Lib/Ret |
| 040 ## - CATALOGING SOURCE | |
| Original cataloging agency | DPL |
| Language of cataloging | EN |
| 082 ## - DEWEY DECIMAL CLASSIFICATION NUMBER | |
| Classification number | 370.15 |
| Item number | DEC |
| 100 ## - MAIN ENTRY--PERSONAL NAME | |
| Personal name | Dececco, John P |
| 9 (RLIN) | 20945 |
| 245 ## - TITLE STATEMENT | |
| Title | The psychology of learning and instruction : |
| Statement of responsibility, etc | by John P. Dececco [and] William R. Crawford |
| Remainder of title | educational psychology / |
| 250 ## - EDITION STATEMENT | |
| Edition statement | 2nd ed |
| 260 ## - PUBLICATION, DISTRIBUTION, ETC. (IMPRINT) | |
| Place of publication, distribution, etc | New Delhi |
| Name of publisher, distributor, etc | Prentice-Hall of India |
| Date of publication, distribution, etc | 1974 |
| 270 ## - ADDRESS | |
| Address | M-97, Connaught Circus |
| City | New Delhi |
| Postal code | 110001 |
| 300 ## - PHYSICAL DESCRIPTION | |
| Extent | xviii,604p. : |
| Dimensions | 22cm(Hb) |
| Other physical details | ill |
| 500 ## - GENERAL NOTE | |
| General note | Includes index and bibliography |
| 650 ## - SUBJECT ADDED ENTRY--TOPICAL TERM | |
| Topical term or geographic name as entry element | Educational psychology |
| 9 (RLIN) | 20946 |
| 650 ## - SUBJECT ADDED ENTRY--TOPICAL TERM | |
| Topical term or geographic name as entry element | Educational psychology--Study and teaching |
| 9 (RLIN) | 5688 |
| 700 ## - ADDED ENTRY--PERSONAL NAME | |
| Personal name | Crawford, William R |
| 9 (RLIN) | 20947 |
| 942 ## - ADDED ENTRY ELEMENTS (KOHA) | |
| Source of classification or shelving scheme | Dewey Decimal Classification |
| Koha item type | English Books |
| Classification part | 370.15 |
| Call number suffix | DEC |
| Withdrawn status | Lost status | Damaged status | Not for loan | Home library | Current library | Date acquired | Source of acquisition | Cost, normal purchase price | Total Checkouts | Full call number | Barcode | Date last seen | Copy number | Cost, replacement price | Price effective from | Koha item type | Public note |
|---|---|---|---|---|---|---|---|---|---|---|---|---|---|---|---|---|---|
| Written off | Central Library | Central Library | 30/06/2015 | Cen Lib/Ret | 32.00 | 370.15 DEC | 915732 | 30/06/2015 | 1 | 32.00 | 30/06/2015 | English Books | W/d List No. 6887/16 ; dtd 09/09/2020 |
